<?xml version="1.0" encoding="UTF-8"?>
<record
    xmlns:xsi="http://www.w3.org/2001/XMLSchema-instance"
    xsi:schemaLocation="http://www.loc.gov/MARC21/slim http://www.loc.gov/standards/marcxml/schema/MARC21slim.xsd"
    xmlns="http://www.loc.gov/MARC21/slim">

  <leader>01442nam a22002417a 4500</leader>
  <datafield tag="999" ind1=" " ind2=" ">
    <subfield code="c">7179</subfield>
    <subfield code="d">7179</subfield>
  </datafield>
  <controlfield tag="003">DO-SdBJH</controlfield>
  <controlfield tag="005">20221103131201.0</controlfield>
  <controlfield tag="008">221103b           ||||| |||| 00| 0 spa d</controlfield>
  <datafield tag="040" ind1=" " ind2=" ">
    <subfield code="a">DO-SdBJH</subfield>
    <subfield code="b">spa</subfield>
    <subfield code="c">DO-SdBJH</subfield>
  </datafield>
  <datafield tag="090" ind1=" " ind2=" ">
    <subfield code="a">TG EGAEE</subfield>
    <subfield code="b">01882 2021</subfield>
  </datafield>
  <datafield tag="100" ind1="1" ind2=" ">
    <subfield code="a">Suberv&#xED; B&#xE1;ez, Noel Alberto</subfield>
    <subfield code="e">sustentante</subfield>
  </datafield>
  <datafield tag="245" ind1="1" ind2="0">
    <subfield code="a">Rol de los Organismos Aeron&#xE1;utico y Aeroportuario en la Defensa y Seguridad Nacional, per&#xED;odo 2011-2020 / </subfield>
    <subfield code="c">Noel Alberto Suberv&#xED; B&#xE1;ez, Julio Pe&#xF1;a Guzm&#xE1;n, asesores Jon&#xE1;s Reynoso, Tebi E. Rodr&#xED;guez Hern&#xE1;ndez</subfield>
  </datafield>
  <datafield tag="260" ind1=" " ind2=" ">
    <subfield code="a">Santo Domingo :</subfield>
    <subfield code="b">INSUDE, </subfield>
    <subfield code="c">2021</subfield>
  </datafield>
  <datafield tag="300" ind1=" " ind2=" ">
    <subfield code="a">xiv, 77 p&#xE1;ginas, cuadros</subfield>
  </datafield>
  <datafield tag="502" ind1=" " ind2=" ">
    <subfield code="a">Tesis (Maestr&#xED;a en Defensa y Seguridad Nacional) -- Instituto Superior para la Defensa (INSUDE). Instituto de Graduados en Altos Estudios Estrat&#xE9;gico, 2021</subfield>
  </datafield>
  <datafield tag="504" ind1=" " ind2=" ">
    <subfield code="a"> Incluye referencias bibliogr&#xE1;ficas e &#xED;ndices</subfield>
  </datafield>
  <datafield tag="505" ind1=" " ind2=" ">
    <subfield code="a">Antecedentes y evoluci&#xF3;n de los organismos Aeron&#xE1;uticos y Aeroportuario. -- Estructura de los organismos de Seguridad Aeron&#xE1;utica y Aeroportuaria de la Rep&#xFA;blica Dominicana. -- Resultados y praxis de los organismos de Seguridad Aeron&#xE1;utica y Aeroportuaria de la Rep&#xFA;blica Dominicana</subfield>
  </datafield>
  <datafield tag="700" ind1="1" ind2=" ">
    <subfield code="a">Pe&#xF1;a Guzm&#xE1;n, Julio </subfield>
    <subfield code="e">sustentante</subfield>
  </datafield>
  <datafield tag="700" ind1="1" ind2=" ">
    <subfield code="a">Jon&#xE1;s Reynoso, </subfield>
    <subfield code="e">asesor</subfield>
  </datafield>
  <datafield tag="700" ind1="1" ind2=" ">
    <subfield code="a">Rodr&#xED;guez Hern&#xE1;ndez, Tebi E. </subfield>
    <subfield code="e">asesor</subfield>
  </datafield>
  <datafield tag="830" ind1=" " ind2=" ">
    <subfield code="a">INSUDE.  Instituto de Graduados en Altos Estudios Estrat&#xE9;gico. Tesis y disertaciones acad&#xE9;micas</subfield>
  </datafield>
  <datafield tag="942" ind1=" " ind2=" ">
    <subfield code="2">CL</subfield>
    <subfield code="c">T</subfield>
  </datafield>
  <datafield tag="952" ind1=" " ind2=" ">
    <subfield code="0">0</subfield>
    <subfield code="1">0</subfield>
    <subfield code="2">CL</subfield>
    <subfield code="4">0</subfield>
    <subfield code="7">1</subfield>
    <subfield code="8">TG</subfield>
    <subfield code="a">BJHA</subfield>
    <subfield code="b">BJHA</subfield>
    <subfield code="d">2022-11-03</subfield>
    <subfield code="i">01882</subfield>
    <subfield code="l">0</subfield>
    <subfield code="o">TG EGAEE 01882 2021</subfield>
    <subfield code="p">01882</subfield>
    <subfield code="r">2022-11-03 00:00:00</subfield>
    <subfield code="t">e.1</subfield>
    <subfield code="w">2022-11-03</subfield>
    <subfield code="y">T</subfield>
  </datafield>
</record>
